01254nam a22001217a 4500008004100000100002800041245008200069260004800151300003200199520079000231650006301021773004801084260421b ||||| |||| 00| 0 eng d aMinkande, Julien Brice  aFarm households facing food insecurity: Who is more resilient, Men or Women ? aJournal of Social and Economic Development  a27(3), Dec, 2025: p.935-956 aThe purpose of this paper is twofold: to determine who is more resilient, male or female, and to analyze the indicators of resilience for each gender. Based on data from a sample of 617 households surveyed in Central Cameroon and analyzed by the resilience index measurement and analysis II model, we find that women are less resilient than men. The low level of resilience is explained by the indicators of access to basic services and social safety net pillars. To improve women’s resilience, the focus could be on the assets and adaptive capacity pillars. These include policies to improve the acquisition of durable goods and agricultural inputs, training of women in agricultural adaptation techniques.- Reproduced https://link.springer.com/article/10.1007/s40847-025-00456-7  aResilience, Farm household, Food security, Gender, RIMA II aJournal of Social and Economic Development